Statistics for NFL Stat Leaders Week 5

Click here to take the quiz!

General Stats

  • This quiz has been taken 20 times
  • The average score is 11 of 30

Answer Stats

Stat#Answer% Correct
Passing Yards340Patrick Mahomes
85%
Rushing Yards106Ronald Jones II
77%
Passing Yards347Derek Carr
69%
Passing Yards359DeShaun Watson
69%
Passing Yards264Justin Herbert
69%
Passing Yards309Jared Goff
62%
Passing Yards380Kyler Murray
62%
Passing Yards325Drew Brees
54%
Rushing Yards91Ezekiel Elliot
54%
Rushing Yards72Kareem Hunt
46%
Receiving Yards131DeAndre Hopkins
38%
Passing Yards301Gardner Minshew II
38%
Rushing Yards89Mike Davis
38%
Passing Yards350Ryan Fitzpatrick
38%
Receiving Yards161Brandin Cooks
31%
Receiving Yards124CeeDee Lamb
31%
Rushing Yards96David Johnson
31%
Receiving Yards122Emmanuel Sanders
23%
Rushing Yards77Josh Jacobs
23%
Rushing Yards80Miles Sanders
23%
Passing Yards313Teddy Bridgewater
23%
Receiving Yards136Calvin Ridley
15%
Rushing Yards90Raheem Mostert
15%
Receiving Yards112Robby Anderson
15%
Rushing Yards121Todd Gurley II
15%
Rushing Yards112Alexander Mattison
8%
Receiving Yards129Darius Slayton
8%
Receiving Yards118Henry Ruggs III
8%
Receiving Yards116Jamison Crowder
8%
Receiving Yards152Travis Fulgham
8%

Score Distribution

Percentile by Number Answered

Percent of People with Each Score

Your Score History

You have not taken this quiz